00848nam a2200181 i 450000100060000000300090000600500170001500700030003200800410003510000370007624502390011326000580035230000220041070000310043285200320046399900170049595201540051224916ES-MaACL20230906153148.0t|021219s1959 sp ||||1| spa d1 aAngulo García, Ricardo.92178710aDiccionario ortográfico y normas gramaticales adaptadas a las nuevas normas de la Real Academia de la Lengua, declaradas de aplicación desde el 1 de enero de 1959 / cRicardo Angulo García ; prólogo de Eugenio de Bustos Tovar. a[Madrid : bs.n., c1959] (fArtes Gráficas Ibarra) a343 p. ; c16 cm.1 aBustos, Eugenio de.932927 aES-MaACLjC-18115 bR.45642 c24916d24916 001040708Colección_de_referencia aATENEOMbATENEOMcGaleríad2008-01-17eSCl0oC-18115p1025689r2023-02-23 00:00:00w2023-02-23yMONOGRAFIA